Normal view MARC view

Entry Personal Name

Number of records used in: 1

001 - CONTROL NUMBER

  • control field: 8318

003 - CONTROL NUMBER IDENTIFIER

  • control field: OSt

005 - DATE AND TIME OF LATEST TRANSACTION

  • control field: 20190814063814.0

008 - FIXED-LENGTH DATA ELEMENTS

  • fixed length control field: 190814|| aca||aabn | a|a d

040 ## - CATALOGING SOURCE

  • Original cataloging agency: OSt
  • Transcribing agency: OSt

100 ## - HEADING--PERSONAL NAME

  • Personal name: Sand, Edith

670 ## - SOURCE DATA FOUND

  • Source citation: Work cat.: (OSt): Lavy, Victor 8317, The effect of social networks on students' academic and non-cognitive behavioural outcomes: evidence from conditional random assignment of friends in school, 2019

Powered by Koha